Estatísticas para Cultura Geral

Clique aqui para jogar o quiz

Estatísticas Gerais

  • Esse quiz foi jogado 13 vezes
  • A pontuação média é 9 de 15

Estatísticas das Respostas

HintResposta% Correto
O lótus é uma planta terrestre ou aquática?Aquática
100%
Qual é o símbolo do cálcio?Ca
100%
Quem canta a música " I like It"?Cardi B
100%
Que nome damos ao profissional que pratica medicina?Médico
100%
Que árvore dá o figo?Figueira
90%
Qual é o sexto mês do ano pelo calendário gregoriano e tem 30 dias?Junho
90%
Que nome damos á à gordura de porco?Banha
80%
Em que país fica Choux?França
70%
Xiaolongbao é um macarrão típico de que país?China
40%
Em que estado dos EUA podemos encontrar a atração turística Las Vegas Strip?Nevada
30%
De que cor é o courgette?Verde
30%
Que nome damos a uma pequena haste metálica em que numa das suas pontas possui uma terminação aguda e do lado oposto, uma cabeça?Alfinete
20%
Em que estado dos EUA podemos encontrar a cidade de Barrow?Alasca
0%
Afelia é um prato típico de que país?Chipre
0%
A lulada é uma bebida típica de que país?Colômbia
0%

Distribuição das Pontuações

Percentil de Números Respondidos

Porcentagem de Pessoas com Cada Pontuação

Sua Pontuação Histórica

Você não jogou esse quiz